000 02678nam a2200421 c 4500
003 BLK
005 20231120165221.0
008 180408b bul|||||r ||||||| ||bul||
010 _aKNG00080775000
020 _a978-954-377-010-6
_bиздат.: АСПРО
040 _aBLK
041 _aBUL
_cBUL
080 _aЕвропейски съюз (икон. аспекти)
_b339.923:061.1ЕС
_x
_z339.923:061.1ЕС
080 _aФинанси на стопанските организации (вкл. финансиране и управление на финансите). Финанси на стопанския сектор
_b336.6
_x(4:497.2)
_z336.6(4:497.2)
080 _aПазар. Анализ на пазара. Търсене. Предлагане. Конкуренция. Маркетингова логистика
_b339.13
_x(497.2)
_z339.13(497.2)
700 1 _aИнджова, Ася Антонова
_eсъстав.
_9371767
700 _aИванов, Благой Димитров
_d1980-
_9365099
139 _aРъководство по оперативна програма Развитие на конкурентоспособността на българската икономика 2007 - 2013
_bР 97
245 1 0 _aРъководство по оперативна програма Развитие на конкурентоспособността на българската икономика 2007-2013
_bФинансова подкрепа за малки и средни предприятия
_cсъстав. Ася Антонова Инджова; състав. Благой Димитров Иванов.
257 _aBGR
260 София
_bАСПРО
_c2008
_fСофия : Симолини
300 _a352 с.
_bс ил., табл., диагр.
_c24 см
_eCD
380 _a3
500 _aКор. Ръководство по оперативна програма Развитие на конкурентноспособността на бълг. икон. по Структурните фондове и Кохезионния фонд на ЕС. - Кн. е със CD 1579.
590 _aф
650 4 _aБългария - стопанство
_9260672
650 4 _aСтопанство - България
_9244934
650 4 _aКонкуренция (икон.) - България
_9257796
651 4 _aБългария
_9241624
653 _aстопанство
653 _aконкурентоспособност
852 _aЦб 237945
856 4 _qpdf
_u
856 4 _qpdf
_u
942 _cKNG
_n0
944 _aCR
_c24.01.2008
_k30529
_lДиана Гривева
944 _aED
_c26.11.2012
_k
999 _c76344
_d76344